A compartmental model for the spread of Nipah virus in a periodic environment

<abstract><p>Nipah virus (NiV) is a zoonotic virus that causes outbreaks of fatal disease in humans. Fruit bat, also known as the flying fox, is the animal host reservoir for NiV. It is known to cause illness in pigs, which are considered an intermediate host. In this paper, we propose a...

Teljes leírás

Elmentve itt :
Bibliográfiai részletek
Szerzők: Barua Saumen
Ibrahim Mahmoud Abdalla Ali
Dénes Attila
Dokumentumtípus: Cikk
Megjelent: 2023
Sorozat:AIMS MATHEMATICS 8 No. 12
Tárgyszavak:
doi:10.3934/math.20231516

mtmt:34244441
Online Access:http://publicatio.bibl.u-szeged.hu/28567
LEADER 01750nab a2200241 i 4500
001 publ28567
005 20231106092924.0
008 231106s2023 hu o 0|| Angol d
022 |a 2473-6988 
024 7 |a 10.3934/math.20231516  |2 doi 
024 7 |a 34244441  |2 mtmt 
040 |a SZTE Publicatio Repozitórium  |b hun 
041 |a Angol 
100 1 |a Barua Saumen 
245 1 2 |a A compartmental model for the spread of Nipah virus in a periodic environment  |h [elektronikus dokumentum] /  |c  Barua Saumen 
260 |c 2023 
300 |a 29604-29627 
490 0 |a AIMS MATHEMATICS  |v 8 No. 12 
520 3 |a <abstract><p>Nipah virus (NiV) is a zoonotic virus that causes outbreaks of fatal disease in humans. Fruit bat, also known as the flying fox, is the animal host reservoir for NiV. It is known to cause illness in pigs, which are considered an intermediate host. In this paper, we propose a model for NiV disease transmission taking into account all human-to-host animal transmission as well as the loss of immunity in those who have recovered. Furthermore, we take into consideration seasonal effects such as varying transmission rate from bats and birth rate of bats. We studied the existence and uniqueness of a disease-free -periodic solution and later deals with the basic reproduction number and stability analysis. To support the analytical results we provide numerical examples and assess the effect of parameter changes on disease dynamics, which might help to understand how to avoid a yearly periodic recurrence of the disease.</p></abstract> 
650 4 |a Matematika 
700 0 1 |a Ibrahim Mahmoud Abdalla Ali  |e aut 
700 0 1 |a Dénes Attila  |e aut 
856 4 0 |u http://publicatio.bibl.u-szeged.hu/28567/1/10.3934_math.20231516.pdf  |z Dokumentum-elérés